| 000 | 00664nam a22002297a 4500 | ||
|---|---|---|---|
| 005 | 20170124110033.0 | ||
| 010 | _aA-834999 | ||
| 020 | _c00.00 | ||
| 035 | _aA-834999 | ||
| 037 | _bCen Lib/Ret | ||
| 040 |
_aDPL _bEN |
||
| 082 |
_a378 _bGLE |
||
| 100 |
_aGleazer, Edmund _922071 |
||
| 245 |
_aThis is the community college / _cby Edmund Gleazer |
||
| 260 |
_aBoston _bHoughton Mifflin Company _c1968 |
||
| 270 | _bBoston | ||
| 300 |
_aix, 151p. _c21cm(Hb) |
||
| 500 | _aIncludes bibliographical references and index | ||
| 650 |
_aHigher Education _910182 |
||
| 650 |
_aCommunity colleges _922072 |
||
| 942 |
_2ddc _cEN _h378 _mGLE |
||
| 999 |
_c127977 _d127977 |
||